| 000 | 00901nam a2200253 a 4500 | ||
|---|---|---|---|
| 001 | BRL_1044 | ||
| 005 | 20190320211017.0 | ||
| 008 | 051113s1994----mx-a######---#000-0#spa-# | ||
| 020 | _a9684841132 | ||
| 041 | _aspa | ||
| 044 | _amx | ||
| 050 | 4 |
_aNK844 _b.A78 1994 |
|
| 245 | 1 | 0 |
_aLa artesanía del alfeñique y el dulce vaciado _btradición popular para la ofrenda de ´Todos Santos´ _cilustraciones Abel Mendoza. |
| 260 |
_aToluca, Estado de México _bGobierno del Estado de México, Dirección General de Turismo : Centro Daniel Rubin de la Borbolla _c1994 |
||
| 300 |
_a53 p. _bil. (algunas a color) _c22 cm. |
||
| 500 | _aAu1192 | ||
| 650 | 1 | 4 |
_aArte en azúcar _zMéxico _925666 |
| 650 | 1 | 4 |
_aArte popular _zMéxico _9882 |
| 650 | 1 | 4 |
_aMuerte en el arte _zMéxico _95747 |
| 650 | 1 | 4 |
_aDía de muertos _zMéxico _925667 |
| 700 | 1 |
_aMendoza, Abel _eil. _925668 |
|
| 902 | _aGRL | ||
| 942 |
_2lcc _cB |
||
| 999 |
_c9856 _d9856 |
||